MICROSOFT VISUAL BASIC 2010 STEP BY STEP (Record no. 34755)

MARC details
000 -LEADER
fixed length control field 00268nam a2200109Ia 4500
008 - FIXED-LENGTH DATA ELEMENTS--GENERAL INFORMATION
fixed length control field 240625s9999 xx 000 0 und d
041 ## - LANGUAGE CODE
Language code of text/sound track or separate title eng
082 ## - DEWEY DECIMAL CLASSIFICATION NUMBER
Classification number 005.133 HAL
100 ## - MAIN ENTRY--PERSONAL NAME
Personal name HALVORSON MICHAEL
245 ## - TITLE STATEMENT
Title MICROSOFT VISUAL BASIC 2010 STEP BY STEP
260 ## - PUBLICATION, DISTRIBUTION, ETC.
Date of publication, distribution, etc. 2010
Holdings
Withdrawn status Lost status Damaged status Not for loan Home library Current library Shelving location Date acquired Full call number Barcode Date last seen Price effective from Koha item type
        IMTN IMTN Rack 2-A 03/24/2011 005.133 HAL CD1781 06/25/2024 06/25/2024 CD
Designed & Maintained by: LRC IMT Nagpur Contact: lrc@imtnag.ac.in© 2024. All Rights Reserved.